000 00272nam a2200109Ia 4500
001 1268685
005 20260417145255.0
008 260417s9999 xx 000 0 und d
020 _a9786255888730
245 0 _aKıpırdaşan Harfler
_cKate Rolfe
260 _bKetebe Çocuk
999 _c1268685
_d1268685